| 000 | 01149nam a2200277 i 4500 | ||
|---|---|---|---|
| 003 | IT-RoINE | ||
| 005 | 20220309105449.0 | ||
| 008 | 210311s2020 sp a |r|||| 001 |dspa u | ||
| 020 | _a9788447229642 (Editorial Universidad de Sevilla) | ||
| 020 | _a9788499593654 (Junta de Andalucía) | ||
| 040 |
_aSpMaBN _bspa _cSpMaBN IT-RoINE _erda _dIT-RoINE |
||
| 100 | 1 |
_aRomero Tallafigo, Manuel _930220 |
|
| 245 | 1 | 3 |
_aEl testamento de Juan Sebastián Elcano (1526) : _bpalabras para un autorretrato / _cManuel Romero Tallafigo. |
| 260 |
_aSevilla : _bEditorial Universidad de Sevilla : _bJunta de Andalucía, _c2020. |
||
| 300 |
_a711 p. : _bil. ; _c24 cm. |
||
| 336 |
_aTexto _2rdacontent |
||
| 337 |
_2rdamedia _aunmediated |
||
| 338 |
_2rdacarrier _avolume |
||
| 490 | 1 |
_aHistoria ; _v 364 |
|
| 500 | _aIncluye (p. 653-692) reproducción fotográfica y transcripción del testamento de Juan Sebastián Elcano. | ||
| 500 | _aIncluye índice. | ||
| 504 | _aBibliografía: p. 693-711. | ||
| 600 | 1 | 4 |
_aElcano, Juan Sebastián de, _dca. 1476-1526 _xTestamento _970976 |
| 830 | 0 |
_970946 _aColección Historia (Universidad de Sevilla) ; _v364 |
|
| 942 | _cMTS | ||
| 999 |
_c36633 _d36633 |
||